| 000 | 00675nam a22002177a 4500 | ||
|---|---|---|---|
| 005 | 20170124110250.0 | ||
| 010 | _aA-235788 | ||
| 020 |
_c00.00 _a9231021540 |
||
| 035 | _aA-235788 | ||
| 037 | _bCen Lib/Ret | ||
| 040 |
_aDPL _bEN |
||
| 082 |
_a375.51078 _bMOD |
||
| 110 |
_aUNESCO _998520 |
||
| 245 | _aA modular curriculumn computer science / | ||
| 260 |
_bUNESCO _aParis _c1984 |
||
| 270 |
_bParis _aPlace de fonteoy _e75007 |
||
| 300 |
_a360p. _c22cm(Hb) |
||
| 650 |
_aElectronic data processing -- Study and teaching (Higher) _998521 |
||
| 650 |
_aComputer engineering -- Study and teaching (Higher) _998522 |
||
| 942 |
_2ddc _cEN _h375.51078 _mMOD |
||
| 999 |
_c135801 _d135801 |
||